Management : (Record no. 180707)
[ view plain ]
| 000 -LEADER | |
|---|---|
| fixed length control field | 00886 a2200241 4500 |
| 003 - CONTROL NUMBER IDENTIFIER | |
| control field | Nust |
| 005 - DATE AND TIME OF LATEST TRANSACTION | |
| control field | 20230321105003.0 |
| 010 ## - LIBRARY OF CONGRESS CONTROL NUMBER | |
| LC control number | 92014916 |
| 020 ## - INTERNATIONAL STANDARD BOOK NUMBER | |
| International Standard Book Number | 0070691703 |
| 040 ## - CATALOGING SOURCE | |
| Transcribing agency | Nust |
| 082 00 - DEWEY DECIMAL CLASSIFICATION NUMBER | |
| Classification number | 658,WEI |
| 100 1# - MAIN ENTRY--PERSONAL NAME | |
| Personal name | Weihrich, Heinz. |
| 9 (RLIN) | 73481 |
| 245 10 - TITLE STATEMENT | |
| Title | Management : |
| Remainder of title | a global perspective / |
| Statement of responsibility, etc. | Heinz Weihrich, Harold Koontz. |
| 250 ## - EDITION STATEMENT | |
| Edition statement | 10th ed. |
| 260 ## - PUBLICATION, DISTRIBUTION, ETC. | |
| Place of publication, distribution, etc. | New York : |
| Name of publisher, distributor, etc. | McGraw-Hill, |
| Date of publication, distribution, etc. | c1993. |
| 300 ## - PHYSICAL DESCRIPTION | |
| Extent | xxxvi, 744 p. : |
| Other physical details | ill. ; |
| Dimensions | 24 cm. |
| 440 #0 - SERIES STATEMENT/ADDED ENTRY--TITLE | |
| Title | McGraw-Hill series in management |
| 9 (RLIN) | 2006 |
| 505 ## - FORMATTED CONTENTS NOTE | |
| Formatted contents note | Part One: The Basic of Global Management Theory and Practice (Page-1), Part Two Planning (Page-115), Part Three: Organizing (Page-241), Part Four: Staffing (Page-353), Part Five: Leading (Page-457), Part Six: Controlling (Page-575). |
| 650 #0 - SUBJECT ADDED ENTRY--TOPICAL TERM | |
| Topical term or geographic name entry element | Industrial management. |
| 650 #0 - SUBJECT ADDED ENTRY--TOPICAL TERM | |
| Topical term or geographic name entry element | Management. |
| 700 1# - ADDED ENTRY--PERSONAL NAME | |
| Personal name | Koontz, Harold, |
| Dates associated with a name | 1908- |
| 942 ## - ADDED ENTRY ELEMENTS (KOHA) | |
| Source of classification or shelving scheme | |
| Koha item type | Book |
| Withdrawn status | Lost status | Source of classification or shelving scheme | Damaged status | Not for loan | Permanent Location | Current Location | Shelving location | Date acquired | Full call number | Barcode | Date last seen | Price effective from | Koha item type | Public note |
|---|---|---|---|---|---|---|---|---|---|---|---|---|---|---|
| Military College of Signals (MCS) | Military College of Signals (MCS) | General Stacks | 12/12/2016 | 658,WEI | MCS27285 | 12/08/2016 | 12/12/2016 | Book | Almirah No.75, Shelf No.1 |
